000 00318nam a22001217a 4500
020 _aNA
082 _222
_a320.55498
100 _aTenzin Pema.
245 _aMonograph 18 buddhist view on grass national happiness /
260 _aCBS Thimphu,
_bCBS Thimphu,
_cc2005
300 _a252 p, ;
_bNA
_c24cm.
942 _2ddc
_cGEN
_01
999 _c1529
_d1529